|
|
|
|
| LEADER |
00000cam a2200000 a 4500 |
| 001 |
vtls010345757 |
| 003 |
SK-MaSNL |
| 005 |
20260301085003.0 |
| 008 |
240315s2011 xo l d p 000 0 slo |
| 015 |
|
|
|a SNBA2012/07-03986
|
| 020 |
|
|
|a 9788010016754
|q (brož.)
|
| 035 |
|
|
|a 7BB4F4DC-F2B2-4F23-B4EB-4962171D7F09
|
| 035 |
|
|
|a urn:nbn:sk:snk-amjk2f
|
| 035 |
|
|
|a urn:nbn:sk:snk-am002cja
|
| 040 |
|
|
|a SNK
|b slo
|c SNK
|e AACR2
|
| 041 |
0 |
|
|a slo
|
| 044 |
|
|
|a xo
|c SK
|
| 072 |
|
7 |
|a 364-1/-7
|x Druhy sociálnej pomoci a služieb
|2 konspekt
|
| 072 |
|
7 |
|a 37.016
|x Učebné osnovy. Vyučovacie predmety. Učebnice
|2 konspekt
|
| 080 |
|
|
|a 364-78
|2 2001
|
| 080 |
|
|
|a (075.8)
|2 2001
|
| 100 |
1 |
|
|a Levická, Jana,
|d 1957-
|4 aut
|9 198337
|
| 245 |
1 |
0 |
|a Metódy sociálnej práce
|b pre 4. ročník stredných pedagogických škôl, pedagogických a sociálnych akadémií a pedagogických a kultúrnych akadémií
|c [autorka: Jana Levická]
|
| 250 |
|
|
|a 1. vyd.
|
| 260 |
|
|
|a Bratislava
|b Slovenské pedagogické nakladateľstvo
|c 2011
|
| 300 |
|
|
|a 128 s.
|b tab.
|c 24 cm
|
| 504 |
|
|
|a Bibliogr. s. 128
|
| 650 |
0 |
7 |
|a sociálna práca
|2 SNKPH
|9 1550
|
| 650 |
0 |
7 |
|a Social work
|2 SNKPHeng
|9 268197
|
| 655 |
|
7 |
|a učebnice stredných škôl
|2 SNKPH
|9 69323
|
| 655 |
|
7 |
|a Textbooks (secondary)
|2 SNKPHeng
|9 276359
|
| 852 |
|
|
|a Štátna vedecká knižnica v Banskej Bystrici
|
| 919 |
|
|
|a 978-80-10-01675-4
|
| 958 |
|
|
|a NB
|
| 968 |
|
|
|d 821
|
| 999 |
|
|
|c 664739
|d 666669
|
| 952 |
|
|
|a SNK
|b SNK
|y PREZ
|7 0
|p 17A1017133
|o snkSC 149954
|i snk2012/11761
|8 0
|0 0
|1 0
|4 0
|d 2012-06-15
|l 0
|r 2025-07-18 00:00:00
|w 2026-02-23
|
| 952 |
|
|
|a SNK
|b SNK
|y VYP
|7 0
|p 17A1017134
|o snkSC 149954 D1
|i snk2012/11763
|8 0
|0 0
|1 0
|4 0
|d 2012-06-15
|f 1
|l 0
|r 2026-02-23 19:05:58
|w 2026-02-23
|